| 000 | 00801nam a22002297a 4500 | ||
|---|---|---|---|
| 005 | 20100814095637.0 | ||
| 010 | _aENG-100425 | ||
| 020 |
_c140.00 _a9788177099799 |
||
| 035 | _aEN-83958 | ||
| 037 | _aDBAD/PUB | ||
| 082 | _a510 | ||
| 100 |
_aGupta, Asit Das _913225 |
||
| 245 |
_aMathematics for class 11 part 1 / _bby Asit Das Gupta, Surya Bhusan Prashad [and] Shyam Narayan Thakur |
||
| 250 | _a3rd ed. | ||
| 260 |
_aNew Delhi _bBharti Bhawan _c2010 |
||
| 270 |
_a4271/3 Ansari Road, Daryaganj _bNew Delhi _e110002 |
||
| 300 |
_averious pegings _c22cm (Pbk) |
||
| 700 |
_912834 _aSurya Bhusan Prashad |
||
| 700 |
_aThakur, Shyam Narayan _913135 |
||
| 942 |
_2ddc _cEN _h510 _mGUP |
||
| 999 |
_c41818 _d41818 |
||